Starting out with C++ : (Record no. 22426)
[ view plain ]
| 000 -LEADER | |
|---|---|
| fixed length control field | 01136cam a22002895a 4500 |
| 001 - CONTROL NUMBER | |
| control field | 016889414 |
| 003 - CONTROL NUMBER IDENTIFIER | |
| control field | OSt |
| 005 - DATE AND TIME OF LATEST TRANSACTION | |
| control field | 20160927154206.0 |
| 008 - FIXED-LENGTH DATA ELEMENTS--GENERAL INFORMATION | |
| fixed length control field | 141013t2015 enka fr 001 0 eng d |
| 020 ## - INTERNATIONAL STANDARD BOOK NUMBER | |
| International Standard Book Number | 9781292069975 |
| 020 ## - INTERNATIONAL STANDARD BOOK NUMBER | |
| International Standard Book Number | 129206997X |
| 040 ## - CATALOGING SOURCE | |
| Original cataloging agency | Uk |
| Language of cataloging | eng |
| Transcribing agency | Uk |
| Modifying agency | EG-ScBUE |
| 082 04 - DEWEY DECIMAL CLASSIFICATION NUMBER | |
| Classification number | 005.133 |
| Edition number | 22 |
| Item number | GAD |
| 100 1# - MAIN ENTRY--PERSONAL NAME | |
| Personal name | Gaddis, Tony, |
| 245 10 - TITLE STATEMENT | |
| Title | Starting out with C++ : |
| Remainder of title | from control structures through objects / |
| Statement of responsibility, etc | Tony Gaddis. |
| 246 13 - VARYING FORM OF TITLE | |
| Title proper/short title | Starting out with C plus plus |
| 250 ## - EDITION STATEMENT | |
| Edition statement | 8th ed., Global ed. |
| 260 ## - PUBLICATION, DISTRIBUTION, ETC. (IMPRINT) | |
| Place of publication, distribution, etc | Harlow : |
| Name of publisher, distributor, etc | Pearson Education Limited, |
| Date of publication, distribution, etc | c.2015. |
| 300 ## - PHYSICAL DESCRIPTION | |
| Extent | 1268 p. : |
| Other physical details | ill. ; |
| Dimensions | 26 cm. |
| 500 ## - GENERAL NOTE | |
| General note | "Authorized adaptation from the United States edition, entitled Starting out with C++: from control structures through objects, 8th edition, ISBN 978-0-133-76939-5, by Tony Gaddis, published by Pearson Education ©2015"--Title page verso. |
| 500 ## - GENERAL NOTE | |
| General note | Includes online student access code on inside front cover. |
| 500 ## - GENERAL NOTE | |
| General note | Index : p. 1247-1265. |
| 650 #7 - SUBJECT ADDED ENTRY--TOPICAL TERM | |
| Topical term or geographic name as entry element | C++ (Computer program language) |
| Source of heading or term | BUEsh |
| 9 (RLIN) | 3406 |
| 653 ## - INDEX TERM--UNCONTROLLED | |
| Resource For college | Informatics and Computer Science |
| Arrived date list | September2016 |
| 655 ## - INDEX TERM--GENRE/FORM | |
| Form subdivision | Text book |
| -- | 33728 |
| 942 ## - ADDED ENTRY ELEMENTS (KOHA) | |
| Source of classification or shelving scheme | Dewey Decimal Classification |
| Withdrawn status | Item status | Source of classification or shelving scheme | Damaged status | Not for loan | Vendor | Home library | Current library | Shelving location | Date acquired | Source of acquisition | Cost, normal purchase price | Total Checkouts | Full call number | Barcode | Date last seen | Koha item type | Total Renewals | Date last borrowed | Checked out |
|---|---|---|---|---|---|---|---|---|---|---|---|---|---|---|---|---|---|---|---|
| Dewey Decimal Classification | Baccah | Central Library | Central Library | Lower Floor | 27/09/2016 | Purchase | 350.00 | 005.133 GAD | 000033665 | 15/07/2025 | NB - Book (Non borrowing) | ||||||||
| Dewey Decimal Classification | Baccah | Central Library | Central Library | Lower Floor | 27/09/2016 | Purchase | 350.00 | 23 | 005.133 GAD | 000033664 | 15/07/2025 | Book - Borrowing | 102 | 27/02/2025 | |||||
| Dewey Decimal Classification | Baccah | Central Library | Central Library | Lower Floor | 27/09/2016 | Purchase | 350.00 | 20 | 005.133 GAD | 000033663 | 03/11/2021 | Book - Borrowing | 93 | 03/11/2021 | 12/01/2022 | ||||
| Dewey Decimal Classification | Baccah | Central Library | Central Library | Lower Floor | 27/09/2016 | Purchase | 350.00 | 26 | 005.133 GAD | 000033662 | 14/02/2026 | Book - Borrowing | 113 | 07/10/2025 | |||||
| Dewey Decimal Classification | Baccah | Central Library | Central Library | Lower Floor | 27/09/2016 | Purchase | 350.00 | 13 | 005.133 GAD | 000057396 | 21/02/2026 | Book - Borrowing | 61 | 21/02/2026 | 04/03/2026 | ||||
| Dewey Decimal Classification | Baccah | Central Library | Central Library | Lower Floor | 27/09/2016 | Purchase | 350.00 | 21 | 005.133 GAD | 000033660 | 17/02/2026 | Book - Borrowing | 168 | 06/03/2025 | |||||
| Dewey Decimal Classification | Baccah | Central Library | Central Library | Lower Floor | 27/09/2016 | Purchase | 350.00 | 21 | 005.133 GAD | 000033726 | 12/01/2019 | Book - Borrowing | 70 | 12/01/2019 | 11/02/2019 | ||||
| Dewey Decimal Classification | Baccah | Central Library | Central Library | Lower Floor | 27/09/2016 | Purchase | 350.00 | 14 | 005.133 GAD | 000033727 | 07/08/2019 | Book - Borrowing | 67 | 07/08/2019 | 28/11/2019 |